000 01573cam a2200277 i 4500
003 SA-RiAUC
005 20250913061328.0
008 250912s1994 ts g 00010dara c
040 _aSA-JeALM
_bara
_cSA-RiAUC
_erda
082 0 4 _a250
_qSA-RiAUC
090 _a250
_bا خ ض
100 1 _aالأخضري، عبد الرحمن بن محمد بن محمد،
_d918-983 هجري
_eمؤلف.
245 1 2 _aالدروس الفقهية للمدارس الأهلية على المتون الأخضرية :
_bالأخضري نثرا ونظما /
_cعبد الرحمن بن محمد الأخضري ؛ حققها محمد بن أحمد بن الطالب عيسى الشنقيطي.
250 _aالطبعة الأولى.
264 1 _aدبي، الإمارات العربية المتحدة :
_bدار القلم،
_c1994.
300 _a202 صفحة ؛
_c24 سم
336 _aنص
_btxt
_2rdacontent
_3كتاب
337 _aبدون وسيط
_bn
_2rdamedia
338 _aمجلد
_bnc
_2rdacarrier
500 _aإهداء من محمد بن أحمد بن الطالب عيسى الشنقيطي بتاريخ 1418/6/10 هـ
650 7 _aالفقه الإسلامي
_2aucsh
700 1 2 _iتحقيق لـ :
_aالأخضري، عبد الرحمن بن محمد بن محمد،
_d918-983 هجري.
_tالدروس الفقهية للمدارس الأهلية على المتون الأخضرية : الأخضري نثرا ونظما
700 1 _aالشنقيطي، محمد بن أحمد عيسى
_eمحقق.
942 _2ddc
_cBOOK
_n0
949 _aSA-JeALM
_d250912
_umohamedma123
_n1
999 _c11668
_d11668